00998nam a2200229 i 4500001000700000003000700007005001700014008004100031100003000072245008700102246003300189246003800222250001200260260006000272300006900332490001900401505016600420546003600586650002500622830001900647852010200666187318SpMaBN20230906222858.0170601s1894 sp acf |||| | spa d1 aJorreto Paniagua, Manuel.10aEspaña, los Sitios Reales b= Residences royales d'Espagne / c[Manuel Jorreto].11aResidences royales d'Espagne30iPrecede al tít.aGuía-Jorreto a2ª ed. aMadrid : bManuel Jorreto, c1894 (fE. Rubiños imp.) a154 p., [8] h. de lám., 76 p., 56 p., 40 p. : bil. ; c19 cm.1 aGuía-Jorreto8 aContiene en las 2 últimas secuencias de pag.: ; tSección de anuncios (56 p., imp. en color rosa) ; tProveedores de la Real Casa (40 p., imp. en color azul) aTexto en español y francés. 4aPalacios-zEspaña.0 aGuía-Jorreto aES-MaACLjL-31668 z- enc. tela z- Donat. herederos de la bibl. de Mª del Pilar Costa Palacín